000 00722nam a2200217Ia 4500
003 GCL
008 140319s9999 xx 000 0 ara d
040 _aGCL /
_cGCL
082 0 4 _a251.222
_bج ا
100 1 _aجمال نادر الفرا
245 1 0 _aاثر الاضطرار فى اباحة فعل المحرمات الشرعية /
_cجمال نادر الفرا
700 1 _aمحمود فتحى الدرينى (اشراف)
260 _a[S.N] :
_bدار الجيل ،
_c1993
300 _a313 ص
490 _a
650 0 4 _aالاحكام الشرعية
650 0 4 _aالشريعة الاسلامية
650 0 4 _aالفقه الاسلامى
650 0 4 _aالحلال والحرام
942 _2ddc
_cBK
999 _c56239
_d56239